000 00293nam a22001337a 4500
008 190205b xxu||||| |||| 00| 0 eng d
020 _a0137732597
041 _aeng
080 _a201
100 _a24
101 _aTEO
245 _aReligion in American Sociey
_cWilson, J
942 _2udc
_cBK
999 _c53966
_d53966